El conflicto callejón con salida : (Registro nro. 5011)
[ vista simple ]
| 000 -LEADER | |
|---|---|
| fixed length control field | 01169nam a2200241Ia 4500 |
| 003 - CONTROL NUMBER IDENTIFIER | |
| control field | OSt |
| 005 - DATE AND TIME OF LATEST TRANSACTION | |
| control field | 20200423153817.0 |
| 008 - FIXED-LENGTH DATA ELEMENTS--GENERAL INFORMATION | |
| fixed length control field | 191128s2003 ck abo gr 000 0 spa d |
| 020 ## - INTERNATIONAL STANDARD BOOK NUMBER | |
| International Standard Book Number | 9589719678 |
| 040 ## - CATALOGING SOURCE | |
| Original cataloging agency | CO-JMCR |
| Transcribing agency | CO-JMCR |
| 041 0# - LANGUAGE CODE | |
| Language code of text/sound track or separate title | spa |
| 082 04 - DEWEY DECIMAL CLASSIFICATION NUMBER | |
| Classification number | 303.69 / |
| Item number | G516c |
| 100 1# - MAIN ENTRY--PERSONAL NAME | |
| Personal name | Giraldo, Marcela, |
| Relator term | editora |
| 9 (RLIN) | 3451 |
| 245 13 - TITLE STATEMENT | |
| Title | El conflicto callejón con salida : |
| Remainder of title | informe nacional de desarrollo humano para Colombia 2003 / |
| Statement of responsibility, etc. | Marcela Giraldo |
| 260 ## - PUBLICATION, DISTRIBUTION, ETC. | |
| Place of publication, distribution, etc. | Bogotá : |
| Name of publisher, distributor, etc. | Programa de las Unidas para el Desarrollo, |
| Date of publication, distribution, etc. | 2003 |
| 300 ## - PHYSICAL DESCRIPTION | |
| Extent | 514 páginas : |
| Other physical details | ilustraciones en blanco y negro, fotografías, mapas ; |
| Dimensions | 27 cm. |
| 505 ## - FORMATTED CONTENTS NOTE | |
| Formatted contents note | El conflicto -- Conflicto y desarrollo humano -- Una estrategia integral -- Los otros actores |
| 520 ## - SUMMARY, ETC. | |
| Summary, etc. | El desarrollo humano no es una simple abstracción ni una mera exhortación. También en el terreno práctico de las políticas o estrategias para lograr el desarrollo, el nuevo paradigma busca integrar y superar los enfoques convencionales. |
| 650 14 - SUBJECT ADDED ENTRY--TOPICAL TERM | |
| Topical term or geographic name entry element | Conflicto armado |
| Geographic subdivision | Colombia |
| 9 (RLIN) | 3452 |
| 650 24 - SUBJECT ADDED ENTRY--TOPICAL TERM | |
| Topical term or geographic name entry element | Conflicto armado |
| Geographic subdivision | Colombia |
| 9 (RLIN) | 3452 |
| 650 24 - SUBJECT ADDED ENTRY--TOPICAL TERM | |
| Topical term or geographic name entry element | Informes de violencia |
| Geographic subdivision | Colombia |
| 9 (RLIN) | 3453 |
| 942 ## - ADDED ENTRY ELEMENTS (KOHA) | |
| Source of classification or shelving scheme | Dewey Decimal Classification |
| Koha item type | Books |
| Withdrawn status | Lost status | Source of classification or shelving scheme | Materials specified (bound volume or other part) | Damaged status | Not for loan | Home library | Current library | Shelving location | Date acquired | Source of acquisition | Cost, normal purchase price | Total Checkouts | Full call number | Barcode | Date last seen | Copy number | Price effective from | Koha item type |
|---|---|---|---|---|---|---|---|---|---|---|---|---|---|---|---|---|---|---|
| Dewey Decimal Classification | Donación--15/04/2018-- | Biblioteca Pública José María del Castillo y Rada | Biblioteca Pública José María del Castillo y Rada | General Stacks | 11/28/2019 | Donación | 0.00 | 303.69 / G516c | 430001136 | 05/16/2024 | Ej.1 | 11/28/2019 | Books |